000
00338nam a2200133Ia 4500
008
240624s9999 xx 000 0 und d
041
_a
eng
082
_a
808.066378 LUN
100
_a
LUNENBURG FRED C
245
_a
WRITING A SUCCESSFUL THESIS OF DISSERTAT
260
_a
New Delhi
_b
Corwin
300
_a
333 : p. : cm. ; 24
365
_c
RS
999
_c
24430
_d
24430